Words for Groups - Statistics

General Stats
  • This quiz has been taken 38,378 times
    38,362 since last reset
  • The average score is 14 of 24
Answer Stats
A group of ... Is called a ... % Correct
Rock musicians Band
94%
Fish School
86%
Birds Flock
85%
Urban criminals Gang
78%
Two musicians Duo
77%
People working on a ship Crew
74%
Stars Galaxy
71%
Native Americans Tribe
71%
Vehicles traveling together Convoy
63%
Crows Murder
61%
People attending a church service Congregation
55%
Geese Gaggle
53%
Insects in motion Swarm
52%
Traveling actors Troupe
51%
Cheerleaders Squad
46%
Preps, nerds, jocks, etc ... Clique
43%
Concubines Harem
42%
Animals pulling a carriage Team
42%
Scottish highlanders Clan
41%
Mammals born at the same time Litter
41%
Dolphins Pod
38%
100 Roman soldiers Century
31%
Mongol invaders Horde
31%
Professors Faculty
29%
No matching quizzes found
Score Distribution
Percent of People with Each Score
Percentile by Number Answered
Your Score History
You have not taken this quiz since the last reset